000
00291nam a22001337a 4500
008
190305b xxu||||| |||| 00| 0 eng d
020
_a
9780323000994
041
_a
eng
080
_2
4th
_a
610.73
100
_a
2
101
_a
INF
245
_a
Basic Nursing
_c
Potter,P.A
942
_2
udc
_c
BK
999
_c
54510
_d
54510